List the 7 habits of highly effective people - Statistics

General Stats
  • This quiz has been taken 10 times
  • The average score is 5 of 7
Answer Stats
Hint Answer % Correct
1. Be proactive
100%
2. Begin with the end in mind
80%
5. Seek first to understand, then to be understood
80%
7. Sharpen the saw
80%
6. Synergise
80%
3. Put first things first
60%
4. Think win/win
60%
No matching quizzes found
Score Distribution
Percent of People with Each Score
Percentile by Number Answered
Your Score History
You have not taken this quiz